| 000 | 00421cam a2200181ua 4500 | ||
|---|---|---|---|
| 001 | 617 | ||
| 008 | 110409n ii |||gr||||Z||||||eng | ||
| 040 | _cMAIN | ||
| 082 | _a323.4 | ||
| 245 | 1 |
_aManob adhikar _cby Jogeswar Borah |
|
| 250 | _a1st. | ||
| 260 |
_aJorhat: _bUnika, _c2004. |
||
| 300 | _a207:0cm. | ||
| 653 | _aPolitical science | ||
| 653 | _aManob adhikar | ||
| 700 |
_aBorah, Jogeswar., _eAuthor. |
||
| 942 | _cBK | ||
| 999 |
_c548 _d548 |
||